WWE Royal Rumble Gewinner - Statistiken

Allgemein
  • Dieses Quiz wurde 1.381 mal gespielt
  • Das Durchschnittsergebnis liegt bei 24 aus 35
Antwortstatistiken
Jahr Name % Korrekt
2002 Triple H
94%
2016 Triple H
94%
2008 John Cena
93%
2013 John Cena
93%
2007 The Undertaker
89%
2015 Roman Reigns
88%
2009 Randy Orton
84%
2017 Randy Orton
84%
2003 Brock Lesnar
80%
2022 Brock Lesnar
80%
2006 Rey Mysterio
80%
1990 Hulk Hogan
77%
1991 Hulk Hogan
77%
2019 Seth Rollins
77%
2005 Batista
76%
2014 Batista
76%
1995 Shawn Michaels
76%
1996 Shawn Michaels
76%
1997 Stone Cold Steve Austin
76%
1998 Stone Cold Steve Austin
76%
2001 Stone Cold Steve Austin
76%
2000 The Rock
75%
2010 Edge
73%
2021 Edge
73%
2018 Shinsuke Nakamura
59%
2020 Drew McIntyre
57%
1994 Bret Hart / Lex Luger
56%
2012 Sheamus
55%
2011 Alberto Del Rio
51%
1992 Ric Flair
51%
1999 Vince McMahon
43%
2004 Chris Benoit
42%
1988 Jim Duggan
34%
1993 Yokozuna
34%
1989 Big John Studd
19%
Keine übereinstimmenden Quizze gefunden
Verteilung der Resultate
Anzahl Personen mit jedem Resultat
Perzentil nach korrekt beantworteten Fragen
Ihre Resultats-Entwicklung
Sie haben dieses Quiz noch nicht gespielt